[Event "TCh-POL 1st League"]
[Site "Mrzezyno POL"]
[Date "2011.09.08"]
[Round "6"]
[White "Szczechowicz,B"]
[Black "Fraczek,Dan"]
[Result "1-0"]
[WhiteElo "2279"]
[BlackElo "2391"]

1.d4 g6 2.e4 Bg7 3.Nc3 c5 4.d5 d6 5.Bb5+ Bd7 6.a4 Nf6 7.Nf3 O-O 8.O-O Bxb5
9.axb5 Nbd7 10.Qe2 Ne8 11.Bd2 Nc7 12.Ra2 Nb6 13.Rfa1 a6 14.h3 Qd7 15.bxa6 Rxa6
16.Rxa6 Nxa6 17.Nd1 Re8 18.Ba5 Nc8 19.Bc3 e6 20.Bxg7 Kxg7 21.dxe6 Rxe6 22.Nc3 h6
23.Qd2 Nb6 24.b3 Nb4 25.Rd1 Qe7 26.Nd4 Rf6 27.Ndb5 Nc8 28.Nd5 Nxd5 29.Qxd5 Re6
30.f3 Kh7 31.c4 Kg7 32.Qd2 Qd8 33.Qf4 Qg5 34.Qxg5 hxg5 35.Ra1 f5 36.Ra8 Ne7
37.Nc7 Re5 38.Ne8+ Kh7 39.Nxd6 fxe4 40.Nxe4 Nc6 41.Rc8 Re7 42.Nxg5+ Kh6 43.Ne4 Nd4
44.Rxc5 b6 45.Rd5 Nxb3 46.Rb5 Nd4 47.Rxb6 Ra7 48.Rb2 Ra1+ 49.Kf2 Rc1 50.c5 Ne6
51.Rb5 Nd4 52.Rb8 Rc2+ 53.Ke3 Nc6 54.Rc8 Ne5 55.Kd4 Nd7 56.g4  1-0

[Event "8th LGA Premium Cup"]
[Site "Nuernberg GER"]
[Date "2011.09.10"]
[Round "5.43"]
[White "Nuding,M"]
[Black "Heimrath,R"]
[Result "1/2-1/2"]
[WhiteElo "2138"]
[BlackElo "2299"]

1.e4 g6 2.d4 Bg7 3.Nc3 a6 4.a4 d6 5.Nf3 Nd7 6.Be3 e6 7.Qd2 h6 8.Be2 b6 9.O-O Bb7
10.d5 e5 11.Ne1 Ngf6 12.Nd3 Nc5 13.Nxc5 bxc5 14.f4 exf4 15.Bxf4 Nd7 16.Rae1 Ne5
17.Nd1 Bc8 18.Ne3 Rb8 19.b3 Qe7 20.Nc4 Nxc4 21.Bxc4 Bd4+ 22.Kh1 f6 23.Qd3 g5
24.Bg3 h5 25.e5 dxe5 26.Qg6+ Kd8 27.Rxf6 h4 28.Bf2 h3 29.g3 Bc3 30.Rf1 e4
31.Rf7 Rb6 32.Rxe7 Rxg6 33.Bxc5 Re8 34.Rxe8+ Kxe8 35.Rf8+ Kd7 36.Rf7+ Ke8
37.Rf8+ Kd7  1/2-1/2

[Event "ch-Euro Youth b16"]
[Site "Albena BUL"]
[Date "2011.09.18"]
[Round "7.4"]
[White "Savitskiy,S"]
[Black "Bortnik,A"]
[Result "0-1"]
[WhiteElo "2297"]
[BlackElo "2360"]

1.e4 g6 2.d4 Bg7 3.Nc3 d5 4.Nxd5 c6 5.Nc3 Qxd4 6.Qxd4 Bxd4 7.Nge2 Bg7 8.g3 f5
9.Bh3 e5 10.O-O Ne7 11.f4 exf4 12.Bxf4 fxe4 13.Bxc8 Nxc8 14.Nxe4 O-O 15.Rad1 Nb6
16.Nd4 Na6 17.c3 Nd5 18.Ne6 Rfe8 19.N4g5 h6 20.Nxg7 Kxg7 21.Nh3 g5 22.Bd2 b5
23.Rde1 Nc5 24.Nf2 a5 25.h4 Kg6 26.hxg5 hxg5 27.Kg2 a4 28.Rh1 a3 29.b4 Na4
30.Ng4 Rxe1 31.Rxe1 Naxc3 32.Re6+ Kg7 33.Ne5 Ne4 34.Be1 c5 35.Nc6 Nec3 36.Ne7 cxb4
37.Nxd5 Nxd5 38.Rd6 Nc3 39.Rd2 Re8 40.Kf1 Rxe1+  0-1

[Event "4th Mumbai Mayors Cup"]
[Site "Mumbai IND"]
[Date "2011.09.18"]
[Round "4"]
[White "Satyapragyan,S"]
[Black "Chadaev,N"]
[Result "1-0"]
[WhiteElo "2415"]
[BlackElo "2564"]

1.e4 g6 2.d4 Bg7 3.Nc3 a6 4.a4 d6 5.Nf3 b6 6.Bd3 Bb7 7.Ne2 Nf6 8.Ng3 O-O
9.O-O c5 10.d5 Nbd7 11.c4 Re8 12.h3 e6 13.Bf4 exd5 14.exd5 Qc7 15.Qd2 b5
16.b3 bxc4 17.bxc4 Rab8 18.a5 Ne5 19.Nxe5 dxe5 20.Bg5 Nd7 21.Bh6 Bc8 22.Bxg7 Kxg7
23.Rae1 Nf6 24.Qc3 Rb4 25.f4 Nd7 26.Ne4 Qb8 27.fxe5 Rb3 28.Qa1 Rxe5 29.Bc2 Rb2
30.Ba4 Qb4 31.Bxd7 Bxd7 32.Rf2  1-0

[Event "2nd Biella Open A"]
[Site "Biella ITA"]
[Date "2011.09.24"]
[Round "2.10"]
[White "Vezzosi,P"]
[Black "Stella,L"]
[Result "1-0"]
[WhiteElo "2351"]
[BlackElo "2103"]

1.d4 g6 2.e4 Bg7 3.Nc3 c5 4.dxc5 Bxc3+ 5.bxc3 Qa5 6.Bd3 Qxc3+ 7.Bd2 Qxc5
8.Rb1 d6 9.Ne2 Nf6 10.Rb5 Qc7 11.Bh6 Nbd7 12.O-O b6 13.Nf4 Bb7 14.Qe2 Rg8
15.Bg5 a6 16.Rbb1 Qc5 17.Nh3 Qc6 18.Rb4 Nc5 19.Bxf6 exf6 20.Nf4 Qc7 21.Nd5 Bxd5
22.exd5+ Kd7 23.Rfb1 b5 24.c4 bxc4 25.Bxc4 Rgb8 26.a3 Re8 27.Qb2 Re5 28.f4 Qa7
29.Kh1 Re7 30.Qxf6 Rae8 31.Qh4 Kc7 32.h3 h5 33.Kh2 Re3 34.Qf6 R3e7 35.Rb6 Ne4
36.Qd4 Ra8 37.Bxa6 Nc5 38.Rc6+  1-0

[Event "Dinos-Guajes"]
[Site "Aviles ESP"]
[Date "2011.09.26"]
[Round "1"]
[White "Martinez Rodriguez,P2"]
[Black "Boudy Bueno,J"]
[Result "0-1"]
[WhiteElo "1954"]
[BlackElo "2249"]

1.e4 g6 2.d4 Bg7 3.Nc3 c5 4.Nf3 Qa5 5.Bc4 cxd4 6.Nxd4 Qc5 7.Bxf7+ Kxf7 8.Be3 Qa5
9.O-O Nf6 10.Qd3 Nc6 11.Qc4+ Kf8 12.f4 Qb4 13.Qd3 Ng4 14.a3 Qa5 15.Nxc6 bxc6
16.Bd4 Bxd4+ 17.Qxd4 Qb6 18.Qxb6 axb6 19.h3 Ne3 20.Rf2 Nc4 21.f5 Kg7 22.fxg6 hxg6
23.Raf1 Ne5 24.Nb1 Ba6 25.Rd1 d6 26.b3 b5 27.Nc3 Rh4 28.Re1 Bb7 29.a4 b4
30.Nb1 c5 31.Nd2 Rf8 32.Rfe2 Rhf4 33.Ra1 Ba6 34.Re3 Rf2 35.Nf3 Rxc2 36.Nxe5 dxe5
37.Rd1 Rff2 38.Rg3 Rfd2 39.Re1 Rc3 40.Rg5 Kf6 41.Rg4 Rxb3  0-1

[Event "Tatry Open"]
[Site "Tatranske Zruby SVK"]
[Date "2011.09.26"]
[Round "2.9"]
[White "Rooze,J"]
[Black "Janos,I"]
[Result "1-0"]
[WhiteElo "2340"]
[BlackElo "2142"]

1.e4 g6 2.d4 Bg7 3.Nc3 c5 4.dxc5 Bxc3+ 5.bxc3 Nf6 6.Bd3 Qa5 7.Nf3 Nc6 8.O-O Qxc5
9.Rb1 a6 10.Be3 Qh5 11.h3 O-O 12.Nd4 Qxd1 13.Rfxd1 Ne5 14.f4 Nxd3 15.cxd3 d6
16.a4 Nd7 17.a5 Nb8 18.e5 Nc6 19.Nxc6 bxc6 20.Rb6 Bd7 21.Rb7 Be6 22.Rxe7 dxe5
23.fxe5 h5 24.Bb6 Rfe8 25.Rc7 Rac8 26.Kf2 Rxc7 27.Bxc7 Re7 28.Bd6 Rb7 29.Bb4 Rb5
30.d4 Bc4 31.Ke3 Kg7 32.Rd2 f6 33.exf6+ Kxf6 34.g4 hxg4 35.hxg4 Be6 36.Rd3 Kg7
37.Kf4 Bc4 38.Rf3 Rb7 39.Kg5 Rf7 40.Re3 Rd7 41.Re8 Rd5+ 42.Kf4 Rd7 43.Rc8 Bd5
44.Ke5 Kh6 45.c4 Bxc4 46.Bd2+ Kg7 47.Rxc6 Bb5 48.Rb6 Bc4 49.Bb4 Rd5+ 50.Ke4 Rb5
51.Bc3 Rb3 52.Bb2 Bd3+ 53.Ke5 Rb5+ 54.Ke6 Bc4+ 55.Ke7 Rd5 56.Rc6 Bb5 57.Rc5 Rd7+
58.Ke6 Rb7 59.d5+ Kh7 60.Kd6 Rd7+ 61.Ke5 Kg8 62.d6 Kf7 63.Rc2 Ke8 64.Bd4 Ba4
65.Rb2 Kf7 66.Rf2+ Ke8 67.Rf6 Bc2 68.Kd5 Bb3+ 69.Kc6 Bc2 70.Re6+ Kf7 71.Rf6+ Ke8
72.Bc5 Be4+ 73.Kb6 Bd3 74.Rf3 Rb7+ 75.Kxb7 Be4+ 76.Kxa6 Bxf3 77.g5 Kd7 78.Kb6 Bc6
79.a6 Bd5 80.Ba3 Bc6 81.Bb4 Bd5 82.Ka7 Bc4 83.Kb7  1-0

[Event "8th Highlands Open"]
[Site "Zdar nad Sazavou CZE"]
[Date "2011.09.30"]
[Round "8"]
[White "Cieslak,L"]
[Black "Haba,Z"]
[Result "1-0"]
[WhiteElo "1985"]
[BlackElo "2207"]

1.e4 g6 2.d4 Bg7 3.Nc3 c5 4.Nf3 cxd4 5.Nxd4 Nc6 6.Be3 d6 7.Bc4 Nf6 8.f3 O-O
9.Qd2 Bd7 10.O-O-O Qa5 11.Bb3 Rfc8 12.Kb1 Ne5 13.Bg5 Kf8 14.f4 Neg4 15.Rhe1 h6
16.Bh4 e5 17.Nf3 Ne8 18.Be7+ Kg8 19.Bxd6 exf4 20.Qxf4 Nxd6 21.Rxd6 Rxc3 22.Qxf7+ Kh8
23.Rxd7  1-0

[Event "Oslo GM Open"]
[Site "Oslo NOR"]
[Date "2011.10.04"]
[Round "4.27"]
[White "Haarr,J"]
[Black "Flaata,A"]
[Result "1-0"]
[WhiteElo "2211"]
[BlackElo "2108"]

1.e4 g6 2.d4 Bg7 3.Nc3 c5 4.d5 d6 5.Nf3 Nf6 6.Be2 O-O 7.O-O Bg4 8.h3 Bxf3
9.Bxf3 Nbd7 10.Be2 Qa5 11.a3 a6 12.Bd2 Qc7 13.a4 b6 14.Bg5 Qb7 15.Qd2 Rfe8
16.Rfe1 Rac8 17.b3 c4 18.Bxc4 b5 19.axb5 axb5 20.Nxb5 Nxe4 21.Rxe4 Bxa1 22.Qe1 Be5
23.f4 Bf6 24.Kh1 Qb6 25.Bxf6 Nxf6 26.Rxe7 Rxe7 27.Qxe7 Re8 28.Qa7 Re1+ 29.Kh2 Qd8
30.Qf2 Qa5 31.Nxd6 Qa1 32.g3 Rc1 33.Bd3 Nxd5 34.f5 Qe5 35.fxg6 f6 36.gxh7+ Kg7
37.h8=Q+  1-0

[Event "FSIMA Oct"]
[Site "Budapest HUN"]
[Date "2011.10.07"]
[Round "7"]
[White "Atnilov,M"]
[Black "Brustkern,J"]
[Result "1/2-1/2"]
[WhiteElo "2037"]
[BlackElo "2249"]

1.e4 g6 2.d4 Bg7 3.Nc3 d5 4.exd5 Nf6 5.Bc4 Nbd7 6.Nf3 O-O 7.O-O Nb6 8.Bb3 a5
9.a4 Nbxd5 10.Nxd5 Nxd5 11.Re1 c6 12.Bg5 h6 13.Bxd5 hxg5 14.Bb3 Bg4 15.c3 Bf6
16.h3 Bxf3 17.Qxf3 Qb6 18.Bc4 c5 19.dxc5 Qxc5 20.b3 Rad8 21.Rad1 b6 22.Rd3 Rxd3
23.Qxd3 Kg7 24.Qe3 e6 25.Qxc5 bxc5 26.Re3 Rd8 27.Rd3 Rxd3 28.Bxd3 Bxc3 29.Kf1 Kf6
30.Ke2 Ke5 31.Bb5 f5 32.Be8 Kf6 33.Kd3 Be1 34.Ke2 Bb4 35.Kd3 g4 36.hxg4 fxg4
37.Ke4 Be1 38.f3 gxf3 39.gxf3 Bb4  1/2-1/2

[Event "TCh-CZE Extraliga 2011-12"]
[Site "Czech Republic CZE"]
[Date "2011.10.08"]
[Round "1.6"]
[White "Priehoda,V"]
[Black "Nedela,V"]
[Result "1-0"]
[WhiteElo "2388"]
[BlackElo "2322"]

1.d4 g6 2.e4 Bg7 3.Nc3 a6 4.f4 b5 5.Nf3 Bb7 6.Bd3 b4 7.Ne2 Nf6 8.Ng3 d5 9.e5 Ne4
10.Qe2 Nxg3 11.hxg3 e6 12.g4 c5 13.c3 Nc6 14.f5 bxc3 15.bxc3 Qa5 16.Bd2 exf5
17.gxf5 O-O-O 18.O-O c4 19.Bc2 Rde8 20.Ng5 Bxe5 21.dxe5 Nxe5 22.fxg6 hxg6
23.Nxf7 Qb6+ 24.Qf2 Qxf2+ 25.Rxf2 Nxf7 26.Rxf7 Re2 27.Bf4  1-0

[Event "TCh-POL Ekstraliga"]
[Site "Katowice POL"]
[Date "2011.10.08"]
[Round "8.3"]
[White "Socko,B"]
[Black "Tomczak,J"]
[Result "1/2-1/2"]
[WhiteElo "2654"]
[BlackElo "2541"]

1.e4 g6 2.d4 Bg7 3.Nc3 d5 4.exd5 Nf6 5.Bb5+ Nbd7 6.Bg5 O-O 7.Qf3 Nb6 8.Bxf6 exf6
9.Nge2 Qd6 10.Bd3 a6 11.O-O f5 12.b3 Rd8 13.Bc4 Nd7 14.a4 b6 15.Rad1 Bb7
16.Nf4 Bh6 17.Nd3 Bg7 18.Nf4 Bh6 19.g3 Bxf4 20.Qxf4 Qxf4 21.gxf4 Nf6 22.Rfe1 Kf8
23.Kg2 Rd7 24.h3 Rad8 25.Kg3 Re7 26.Re5 Nd7 27.Re2 Nf6 28.Rde1 Rxe2 29.Rxe2 Nh5+
30.Kf3 Nf6 31.Re5 Nd7 32.Re3 Nf6 33.Re2 Rd6 34.Re5 Nd7 35.Re1 Nf6 36.Ke3 Rd8
37.Kf3 Rd6 38.Re3 Rd8 39.Re5 Nd7 40.Re2 Nf6 41.Ke3 Rd7 42.Re1 Rd8 43.Kf3 Rd6
44.Re3  1/2-1/2

[Event "Oslo GM Open"]
[Site "Oslo NOR"]
[Date "2011.10.08"]
[Round "8.29"]
[White "Gronnestad,A"]
[Black "Flaata,A"]
[Result "0-1"]
[WhiteElo "1990"]
[BlackElo "2108"]

1.e4 g6 2.d4 Bg7 3.Nc3 c5 4.Be3 cxd4 5.Bxd4 Nf6 6.h3 Nc6 7.Be3 Qa5 8.Qd2 O-O
9.Bc4 b5 10.Bd3 Rb8 11.Nge2 b4 12.Nd1 d5 13.exd5 Nxd5 14.Bh6 Bxh6 15.Qxh6 b3+
16.c3 Ne5 17.Bb1 Ba6 18.a3 Bxe2 19.Kxe2 Qa6+ 20.Ke1 Rfd8 21.h4 Nd3+ 22.Bxd3 Qxd3
23.Ne3 Nxc3 24.bxc3 b2 25.Rd1 b1=Q  0-1

[Event "TCh-MNE 1st League"]
[Site "Tivat MNE"]
[Date "2011.10.08"]
[Round "1.2"]
[White "Pavlovic,Dej"]
[Black "Pejovic,B"]
[Result "1-0"]
[WhiteElo "2430"]
[BlackElo "2220"]

1.d4 g6 2.e4 Bg7 3.Nc3 c5 4.dxc5 Qa5 5.Bd2 Qxc5 6.Nd5 Na6 7.Nf3 Qd6 8.Bf4 e5
9.Bg5 Qb8 10.Bxa6 bxa6 11.O-O f6 12.Be3 Ne7 13.Nxe7 Kxe7 14.Bc5+ d6 15.Ba3 Be6
16.Qd3 Qb6 17.Rfd1 Rhd8 18.c4 Qc6 19.Rac1 Rac8 20.Rc3 Bf8 21.Nd2 Kf7 22.Nf1 f5
23.exf5 Bxf5 24.Qe3 Qb6 25.Qg3 Be7 26.Ne3 Be6 27.Nd5 Bxd5 28.Rxd5 Kg7 29.Qg4 Rf8
30.Rc2 Rf5 31.Qe4 Rcf8 32.c5 dxc5 33.Rxe5 Rxe5 34.Qxe5+ Qf6 35.Qxf6+ Bxf6
36.Bxc5 Rd8 37.g3 Rd7 38.b3  1-0

[Event "Belgrade Premier League 2011"]
[Site "Belgrade SRB"]
[Date "2011.10.09"]
[Round "8.3"]
[White "Vrbljanac,A"]
[Black "Jovic,A"]
[Result "1/2-1/2"]
[WhiteElo "2274"]
[BlackElo "2368"]

1.d4 g6 2.e4 Bg7 3.Nc3 a6 4.a4 d6 5.Nf3 Nf6 6.Be2 O-O 7.O-O Nc6 8.d5 Nb4
9.a5 c6 10.Ra4 b5 11.Rxb4 c5 12.Rb3 c4 13.Bxc4 bxc4 14.Ra3 Rb8 15.Re1 Bg4
16.h3 Bxf3 17.Qxf3 Qc7 18.Qe2 Nd7 19.Ra2 Rb4 20.Nd1 Rc8 21.f4 Rb5 22.Bd2 Rcb8
23.Ra4 Rc8 24.Ra2 Rcb8 25.Ra4 Rc8  1/2-1/2

[Event "II Oliver Gonzalez Memorial"]
[Site "Madrid ESP"]
[Date "2011.10.10"]
[Round "3.14"]
[White "Martin Duque,J"]
[Black "Martin Rueda,D"]
[Result "1-0"]
[WhiteElo "2136"]
[BlackElo "2311"]

1.d4 g6 2.e4 Bg7 3.Nc3 c5 4.dxc5 Qa5 5.Ne2 Nf6 6.Qd3 Na6 7.Be3 O-O 8.Qd2 Nxc5
9.b4 Qxb4 10.Rb1 Qa3 11.Nb5 Qxa2 12.Nec3 Qe6 13.Bxc5 Nxe4 14.Nxe4 Qxe4+ 15.Qe3 Qc6
16.Nxa7 Qa4 17.Bb5 Qa5+ 18.Ke2 d6 19.Bb6 Qa2 20.Bd3 Bd7 21.Nb5 Rac8 22.Nc7 Bc6
23.f3 d5 24.Rhc1 Qa4 25.c4 dxc4 26.Bxc4 Rfd8 27.Kf1 Rd7 28.Bb3 Qh4 29.Bxf7+ Kh8
30.Ne6 Qxh2 31.Nxg7 Kxg7 32.Be6 Bb5+ 33.Kf2 Rxc1 34.Rxc1 Qh4+ 35.Kg1 Rd6
36.Bc5 Rd3 37.Qe5+ Qf6 38.Qxf6+ Kxf6 39.Bc4 Bxc4 40.Rxc4 Rd5 41.Rf4+ Rf5
42.Rxf5+ gxf5 43.Kf2 e5 44.Kg3 b5 45.Kh4 Ke6 46.Kg5 Kd5 47.Bb4 Kc4 48.Be1 e4
49.Kxf5 exf3 50.gxf3 b4 51.Bg3 b3 52.Be5 Kd5 53.Bb2 Kd6 54.Kg5 Ke6 55.f4 h6+
56.Kg6 h5 57.f5+  1-0

[Event "ch-UKR w 2011"]
[Site "Poltava UKR"]
[Date "2011.10.15"]
[Round "9.8"]
[White "Motsar,Irina"]
[Black "Tantsiura,M"]
[Result "0-1"]
[WhiteElo "2145"]
[BlackElo "2138"]

1.e4 g6 2.d4 Bg7 3.Nc3 a6 4.f4 b5 5.Nf3 Bb7 6.Bd3 d6 7.Be3 Nd7 8.e5 c5 9.e6 fxe6
10.Ng5 Nf8 11.dxc5 Bxg2 12.Rg1 Bc6 13.Qe2 b4 14.Nd1 Nf6 15.cxd6 exd6 16.Bd2 Nd5
17.Nxe6 Nxe6 18.Qxe6+ Qe7 19.Qxe7+ Kxe7 20.c4 bxc3 21.Nxc3 Nb4 22.Bb1 Rab8
23.a3 Nd5 24.Nxd5+ Bxd5 25.Bc3 Bxc3+ 26.bxc3 Rb2 27.h4 Bc4 28.f5 Rhb8 29.fxg6 Rxb1+
30.Rxb1 Rxb1+ 31.Kd2 Rxg1 32.gxh7 Rg8 33.hxg8=Q Bxg8 34.Kd3 Kd7 35.Kd4 Bf7
36.Ke4 Kc6 37.Kd4 a5 38.a4 Bh5 39.Ke4 Kc5 40.Kf5 Bd1  0-1

[Event "1st Central Asia Cup"]
[Site "Tashkent UZB"]
[Date "2011.10.21"]
[Round "4.11"]
[White "Saidov,B"]
[Black "Rustamov,Al"]
[Result "1-0"]
[WhiteElo "2350"]
[BlackElo "2201"]

1.e4 g6 2.d4 Bg7 3.Nc3 Nc6 4.Nf3 d6 5.Be3 Nf6 6.Qd2 Ng4 7.Bf4 O-O 8.h3 Nf6
9.Bh6 e5 10.Bxg7 Kxg7 11.O-O-O Qe7 12.dxe5 dxe5 13.Nd5 Nxd5 14.exd5 Rd8 15.Qc3 Nb4
16.Bc4 f6 17.Rhe1 b5 18.Bb3 Bb7 19.Nxe5 Nxd5 20.Bxd5 Rxd5 21.Rxd5 Bxd5 22.Nxg6 Qd6
23.Ne7 Qf4+ 24.Qe3 Qxe3+ 25.Rxe3 Bxg2 26.Rg3+ Kf8 27.Rxg2 Kxe7 28.Rg7+ Kd6
29.Rxh7 Rg8 30.Kd2 b4 31.h4 Rg2 32.Ke3 Rg1 33.Rf7 Rb1 34.b3 Rb2 35.Rxf6+ Kc5
36.Kd2 Rxa2 37.Re6 a5 38.Ra6 Kb5 39.Ra8 Ra1 40.h5 Rf1 41.Ke2 Rh1 42.Rh8 Kc5
43.Ke3 Re1+ 44.Kd2 Rf1 45.Rf8 Rh1 46.Rh8 Rf1 47.Ke3 Re1+ 48.Kd3 Rf1 49.Rf8 Rd1+
50.Ke4 Re1+ 51.Kf4 Rh1 52.Rf5+ Kd4 53.Kg5 c5 54.h6 a4 55.bxa4 c4 56.Rf4+ Kd5
57.a5 b3 58.cxb3 cxb3 59.Rb4 Rg1+ 60.Kf5 Rh1 61.Rxb3 Rxh6 62.Rd3+  1-0

[Event "50th TCh-DEN XtraCon 2011-12"]
[Site "Denmark DEN"]
[Date "2011.10.29"]
[Round "1.8"]
[White "Sorensen,TorbenK"]
[Black "Bjerre,Lars Gronborg"]
[Result "1/2-1/2"]
[WhiteElo "2237"]
[BlackElo "2057"]

1.e4 g6 2.d4 Bg7 3.Nc3 c5 4.Nge2 cxd4 5.Nxd4 Nc6 6.Be3 d6 7.Qd2 Nf6 8.O-O-O Ng4
9.Nxc6 bxc6 10.Bd4 Bh6 11.Be3 Nxe3 12.fxe3 Qb6 13.Na4 Qxe3 14.Qxe3 Bxe3+
15.Kb1 Be6 16.Nc3 O-O 17.g3 Bg4 18.Be2 Bxe2 19.Nxe2 Rab8 20.Rd3 Bc5 21.Nd4 Rb6
22.Nb3 Rfb8 23.Kc1 Rb5 24.Rc3 a5 25.Nxc5 Rxc5 26.Rxc5 dxc5 27.Rd1 Rb4 28.Rd8+ Kg7
29.Rc8 Rxe4 30.Rxc6 Re1+ 31.Kd2 Rh1 32.h4 Rh2+ 33.Kd1 Rh1+ 34.Kd2 Rh2+ 35.Kd1 Rh1+  1/2-1/2

[Event "Frauenbundesliga 2011-12"]
[Site "Germany GER"]
[Date "2011.10.29"]
[Round "1.2"]
[White "Levushkina, Elena"]
[Black "Kachiani Gersinska, Ketino"]
[Result "1/2-1/2"]
[WhiteElo "2324"]
[BlackElo "2319"]

1.e4 g6 2.d4 Bg7 3.Nc3 c5 4.dxc5 Bxc3+ 5.bxc3 Qa5 6.Qd4 Nf6 7.Bd2 Nc6 8.Qe3 Qc7
9.Bd3 b6 10.cxb6 axb6 11.Nf3 Ng4 12.Qe2 Nge5 13.Nxe5 Nxe5 14.f4 Nxd3+ 15.cxd3 d5
16.e5 Qc5 17.Qe3 Bf5 18.Ke2 Bg4+ 19.Kf2 Bf5 20.Rhb1 Bxd3 21.Rxb6 Qc7 22.Rb4 Bc4
23.a4 O-O 24.Qd4 Qc8 25.Be3 Qf5 26.Qd2 f6 27.exf6 Rxf6 28.Kg1 g5 29.g3 gxf4
30.Bxf4 Raf8 31.Re1 Qg4 32.Qg2 Re6 33.Rbb1 Rxe1+ 34.Rxe1 e6 35.Qd2 Rf7 36.Qe3 Rf6
37.Qe5 Kf7 38.Rb1 Kg6 39.h3 Qf5 40.Qxf5+ Kxf5 41.Re1 Rf7 42.Be3 e5 43.a5 h5
44.Ra1 Ba6 45.Rb1 Rc7 46.Rb3 Ke4 47.Bf2 Rb7 48.Rxb7 Bxb7 49.Kf1 Kf3 50.Ke1 Bc8
51.g4 hxg4 52.hxg4 Kxg4 53.Kd2 Kf3 54.Bc5 Ba6 55.Bd6  1/2-1/2

[Event "TCh-NED Meesterklasse 2011-12"]
[Site "Netherlands NED"]
[Date "2011.10.29"]
[Round "2.10"]
[White "Jens,J"]
[Black "Van der Wijk,W"]
[Result "1/2-1/2"]
[WhiteElo "2382"]
[BlackElo "2148"]

1.e4 g6 2.d4 Bg7 3.Nc3 c5 4.Nf3 cxd4 5.Nxd4 Nc6 6.Be3 Nf6 7.Bc4 d6 8.f3 Qb6
9.Nf5 Qxb2 10.Nxg7+ Kf8 11.Nd5 Nxd5 12.Bxd5 Kxg7 13.O-O Qc3 14.Qc1 Re8 15.Rb1 Kg8
16.Rb3 Qf6 17.f4 e6 18.Bxc6 bxc6 19.Qa3 c5 20.Qa4 Qe7 21.e5 Bd7 22.Qa5 Bc6
23.exd6 Qxd6 24.Rd3 Qb8 25.Qxc5 Qb5 26.Qc3 Rac8 27.Qf6  1/2-1/2

[Event "II Latin American Cup"]
[Site "Montevideo URU"]
[Date "2011.11.03"]
[Round "4.44"]
[White "Codigone,M"]
[Black "Granara Barreto,S"]
[Result "1-0"]
[WhiteElo "2033"]
[BlackElo "2190"]

1.e4 g6 2.d4 Bg7 3.Nc3 c5 4.Nf3 cxd4 5.Nxd4 d6 6.Be3 Nf6 7.f3 O-O 8.Qd2 Nc6
9.Bc4 Bd7 10.O-O-O Rc8 11.Bb3 Ne5 12.h4 h5 13.Kb1 Re8 14.Bg5 Nc4 15.Qd3 Ne5
16.Qd2 b5 17.g4 Nc4 18.Qd3 a5 19.Bxf6 Bxf6 20.gxh5 a4 21.hxg6 e5 22.gxf7+ Kxf7
23.Ndxb5 axb3 24.cxb3 Nb6 25.Nxd6+ Kg7 26.Rhg1+ Kh7 27.Nxc8 Qxc8 28.Qe2 Be6
29.f4 Bf7 30.fxe5 Bxe5 31.Qf2 Qe6 32.Rdf1 Re7 33.Qf5+ Qxf5 34.exf5 Bxc3 35.bxc3 Nd5
36.c4 Nc3+ 37.Kc2 Ne2 38.Re1 Bh5 39.Rg5 Bf3 40.f6  1-0

[Event "1st Novara Open A"]
[Site "Novara ITA"]
[Date "2011.11.06"]
[Round "5"]
[White "Cereda,L"]
[Black "Valsecchi,A"]
[Result "1-0"]
[WhiteElo "2206"]
[BlackElo "2376"]

1.e4 g6 2.Nc3 Bg7 3.d4 c5 4.Nf3 cxd4 5.Nxd4 Nc6 6.Be3 Nf6 7.Bc4 O-O 8.Bb3 d6
9.f3 Nd7 10.h4 Na5 11.h5 Ne5 12.hxg6 hxg6 13.Qe2 Bd7 14.O-O-O Nxb3+ 15.axb3 a5
16.g4 f6 17.g5 a4 18.f4 Ng4 19.f5 Nxe3 20.Qxe3 axb3 21.Qh3 Kf7 22.gxf6 Ra1+
23.Nb1 Bxf6 24.Qh7+ Ke8 25.Qxg6+ Rf7 26.Rh7 Qa5 27.Qxf7+ Kd8 28.Ne6+ Bxe6
29.Qf8+ Kc7 30.Qxf6 Kb8 31.Rh8+ Ka7 32.Qd4+ b6 33.fxe6 Qg5+ 34.Qd2 Qe5 35.Rh7 bxc2
36.Rxe7+ Kb8 37.Kxc2 Qxe4+ 38.Qd3 Qa4+ 39.Kc1 Qf4+ 40.Rd2  1-0

[Event "Femida Cup Women"]
[Site "Kharkiv UKR"]
[Date "2011.11.20"]
[Round "1"]
[White "Sharovskaya,O"]
[Black "Andrenko,I"]
[Result "0-1"]
[WhiteElo "1966"]
[BlackElo "2210"]

1.e4 g6 2.d4 Bg7 3.Nc3 a6 4.Be3 b5 5.f3 d6 6.Qd2 Nd7 7.O-O-O Nb6 8.h4 h5
9.Nh3 b4 10.Nb1 a5 11.Nf2 Nf6 12.Be2 Bb7 13.Bb5+ c6 14.Be2 Qc7 15.g4 O-O-O
16.g5 Nfd7 17.f4 e5 18.f5 exd4 19.Bxd4 Be5 20.Rhf1 Rhe8 21.fxg6 fxg6 22.Bxe5 Nxe5
23.Nh3 d5 24.Qf4 d4 25.Nf2 Rf8 26.Qg3 Rf3 27.Qg2 Re3 28.Nd3 c5 29.Nxe5 Qxe5
30.Nd2 Kb8 31.Bd3 c4 32.Bxc4 Bxe4 33.Nxe4 Nxc4 34.Nf6 d3 35.cxd3 Re2 36.d4 Qe3+  0-1

[Event "Frauenbundesliga 2011-12"]
[Site "Germany GER"]
[Date "2011.11.27"]
[Round "4.2"]
[White "Jaracz, Barbara"]
[Black "Kachiani Gersinska, Ketino"]
[Result "1/2-1/2"]
[WhiteElo "2272"]
[BlackElo "2319"]

1.e4 g6 2.d4 Bg7 3.Nc3 c5 4.Nf3 Qa5 5.Be2 Nc6 6.Be3 Nf6 7.O-O Ng4 8.Bd2 cxd4
9.Nxd4 Nxd4 10.Bxg4 d6 11.Nd5 Bxg4 12.Qxg4 Qxd2 13.Nc7+ Kd8 14.Nxa8 Qe2 15.Qh3 Qxe4
16.Rae1 Qc6 17.Qe3 Bf6 18.c3 Nc2 19.Qxa7 Nxe1 20.Rxe1 Ke8 21.Nb6 Kf8 22.Qa5 e6
23.Qb4 Kg7 24.Nc4 Rd8 25.Ne3 h5 26.h3 d5 27.Rd1 Ra8 28.a3 Ra4 29.Qb3 Rf4
30.Qc2 Qb6 31.Qe2 Ra4 32.Qc2 Re4 33.Qd2 d4 34.cxd4 Rxd4 35.Qe2 Rxd1+ 36.Nxd1 Qb3
37.Qd2 Be5 38.h4 Qc4 39.g3 Qb3 40.Kf1 Qc4+ 41.Kg1  1/2-1/2

[Event "ITT Pre Jahv Mcgregor"]
[Site "Silvania COL"]
[Date "2011.12.04"]
[Round "9"]
[White "Rojas Barrero,A"]
[Black "Shoker,S"]
[Result "1-0"]
[WhiteElo "2249"]
[BlackElo "2512"]

1.e4 g6 2.d4 Bg7 3.Nc3 a6 4.a4 d6 5.Be2 Nd7 6.Be3 b6 7.g4 Bb7 8.Qd2 e6 9.f3 h5
10.g5 Ne7 11.Nh3 c5 12.O-O Nc6 13.dxc5 dxc5 14.Rad1 Nd4 15.Nb1 Bc6 16.b3 Qc7
17.Nf2 Be5 18.h3 Bf4 19.Kg2 Bxe3 20.Qxe3 Nxc2 21.Qc3 Nd4 22.Rxd4 cxd4 23.Qxd4 O-O
24.Rc1 Rfc8 25.Nd3 h4 26.f4 e5 27.fxe5 Nc5 28.Nxc5 bxc5 29.Qd6 Bxe4+ 30.Kf2 Qxd6
31.exd6 Rc6 32.Nc3 Bf5 33.Bf3 Bd7 34.Ne4 Rd8 35.Nf6+ Kg7 36.Nxd7 Rxd6 37.Nxc5 Rd2+
38.Ke3 a5 39.Rc3 Rh2 40.Bg4 Rh1 41.Rd3 Rxd3+ 42.Kxd3 Rg1 43.Kc4 Re1 44.b4 axb4
45.Kxb4 Rb1+ 46.Kc4 Rc1+ 47.Kb5 Rb1+ 48.Kc6 Ra1 49.Bd7 Kf8 50.Kb6 Ke7 51.a5 Kd6
52.Bb5 Rc1 53.Nb7+ Ke5 54.a6 Rc8 55.a7 Ra8 56.Bc6 Kf4 57.Nd6 Rxa7 58.Kxa7 Kg3
59.Bd7  1-0

[Event "London Classic FIDE Open"]
[Site "London ENG"]
[Date "2011.12.05"]
[Round "3"]
[White "Wallace,P"]
[Black "Johansen,St"]
[Result "1/2-1/2"]
[WhiteElo "2229"]
[BlackElo "2012"]

1.e4 g6 2.d4 Bg7 3.Nc3 c5 4.dxc5 Nc6 5.Bd2 Nf6 6.Nf3 O-O 7.Bd3 Ng4 8.O-O Nge5
9.a3 Nxd3 10.cxd3 d6 11.Be3 Bg4 12.h3 Bxf3 13.Qxf3 dxc5 14.Bxc5 Ne5 15.Qe3 Qxd3
16.Bxe7 Qxe3 17.fxe3 Rfc8 18.Rad1 Nc4 19.Rd7 Nxe3 20.Rf3 Nc4 21.Rxb7 Rab8
22.Rxb8 Rxb8 23.b4 Nxa3 24.Nd5 Nc4 25.Bc5 a5 26.Ne7+ Kh8 27.Nc6 Rc8 28.Ne7 Rb8
29.Nc6 Rc8  1/2-1/2

[Event "London Classic FIDE Open"]
[Site "London ENG"]
[Date "2011.12.10"]
[Round "8"]
[White "Tortorella,G"]
[Black "Boger,R"]
[Result "0-1"]
[WhiteElo "1766"]
[BlackElo "1959"]

1.e4 g6 2.d4 Bg7 3.Nc3 Nc6 4.Nf3 e5 5.Bg5 f6 6.Be3 d6 7.d5 Nce7 8.Qd2 f5
9.exf5 Nxf5 10.Bg5 Nge7 11.O-O-O O-O 12.g4 h6 13.gxf5 hxg5 14.Nxg5 Nxf5 15.Ne6 Bxe6
16.Rg1 Bf7 17.Kb1 Bh6 18.Qd3 Kh7 19.Bh3 Nd4 20.Ne4 Be8 21.c3 Rf3 22.Qf1 Qh4
23.Ng3 Nf5 24.Bxf5 gxf5 25.Qg2 Bh5  0-1

[Event "2nd JAHV McGregor Open"]
[Site "Bogota COL"]
[Date "2011.12.11"]
[Round "9"]
[White "Nunez V,D"]
[Black "Shoker,S"]
[Result "0-1"]
[WhiteElo "2212"]
[BlackElo "2512"]

1.e4 g6 2.d4 Bg7 3.Nc3 a6 4.Be3 d6 5.Qd2 Nd7 6.O-O-O b5 7.h3 Bb7 8.a3 Rc8
9.f4 c5 10.dxc5 Nxc5 11.e5 Nh6 12.Nf3 Nf5 13.Bf2 O-O 14.Be2 Ne4 15.Nxe4 Bxe4
16.c3 dxe5 17.Qxd8 Rfxd8 18.g4 Nd4  0-1

[Event "London Classic FIDE Open"]
[Site "London ENG"]
[Date "2011.12.11"]
[Round "9"]
[White "Murray,D"]
[Black "Ansell,S"]
[Result "0-1"]
[WhiteElo "2133"]
[BlackElo "2389"]

1.e4 g6 2.d4 Bg7 3.Nc3 a6 4.Be3 b5 5.a3 Bb7 6.Be2 d6 7.Bf3 Nd7 8.h4 h5 9.Nh3 c5
10.dxc5 Nxc5 11.Ng5 Bxc3+ 12.bxc3 e5 13.Qe2 Qc7 14.c4 Nf6 15.Bd2 Bc6 16.cxb5 Bxb5
17.Qe3 Rc8 18.Be2 Bxe2 19.Qxe2 Qc6 20.f3 Qa4 21.O-O Qxc2 22.Rfc1 Qa4 23.Rc4 Qd7
24.Rac1 O-O 25.Be3 Rc6 26.Nh3 Rfc8 27.Qc2 R6c7 28.Qe2 a5 29.Bxc5 Rxc5 30.Nf2 Rxc4
31.Rxc4 Rxc4 32.Qxc4 Qb7 33.Kh2 Kg7 34.Nh3 d5 35.exd5 Qxd5 36.Qc3 a4 37.Nf2 Qd4
38.Qxd4 exd4 39.Nd3 Nd5 40.Nc5 Nc3 41.Kg3 f5 42.Ne6+ Kf6 43.Nxd4 Ke5 44.Nc2 Nd1
45.Nb4 f4+ 46.Kh3 Kd4 47.g4 Ke3 48.gxh5 gxh5 49.Nd5+ Kxf3 50.Kh2 Kg4 51.Kg2 Ne3+  0-1

[Event "3rd Balkan GP Individual"]
[Site "Podgorica MNE"]
[Date "2011.12.13"]
[Round "9"]
[White "Ivanisevic,I"]
[Black "Stanojoski,Z"]
[Result "1-0"]
[WhiteElo "2636"]
[BlackElo "2470"]

1.d4 g6 2.e4 Bg7 3.Nc3 c5 4.dxc5 Qa5 5.Bd2 Qxc5 6.Nd5 Na6 7.Nf3 e6 8.Bc3 f6
9.b4 Qf8 10.Bxa6 exd5 11.Bb5 dxe4 12.O-O exf3 13.Re1+ Ne7 14.Qxf3 f5 15.Rad1 h5
16.Bxd7+ Bxd7 17.Rxd7 Kxd7 18.Qxb7+ Kd6 19.Bxg7 Qxg7 20.c4 Rac8 21.c5+ Rxc5
22.bxc5+ Kxc5 23.Qc7+ Kd5 24.Qd7+ Kc5 25.Rc1+ Kb6 26.Qc7+ Ka6 27.Rc6+ Nxc6
28.Qxg7 Re8 29.h3 Re6 30.Qc3  1-0